000
00301nam a2200133Ia 4500
008
140130s9999 xx 000 0 und d
245
_c
Frasier, Debra
_a
Miss Alaineus
260
_b
Scholastic,
_c
2000
300
_a
30
440
_v
1
521
_a
Grade 3 - Grade 4
942
_c
BK
999
_c
40987
_d
40987